A human damage prediction method for Tsunami disasters incorporating evacuation activities (Record no. 58165)

000 -LEADER
fixed length control field 00391pab a2200145 454500
008 - FIXED-LENGTH DATA ELEMENTS--GENERAL INFORMATION
fixed length control field 180718b2003 xxu||||| |||| 00| 0 eng d
100 ## - MAIN ENTRY--PERSONAL NAME
Personal name Sugimoto, T.
245 ## - TITLE STATEMENT
Title A human damage prediction method for Tsunami disasters incorporating evacuation activities
260 ## - PUBLICATION, DISTRIBUTION, ETC.
Date of publication, distribution, etc. 2003
300 ## - PHYSICAL DESCRIPTION
Extent p.585-600.
362 ## - DATES OF PUBLICATION AND/OR SEQUENTIAL DESIGNATION
Dates of publication and/or sequential designation Jul
650 ## - SUBJECT ADDED ENTRY--TOPICAL TERM
Topical term or geographic name entry element Disasters
773 ## - HOST ITEM ENTRY
Main entry heading Natural Hazards
909 ## -
-- 58165
Holdings
Withdrawn status Lost status Damaged status Not for loan Permanent Location Current Location Date acquired Serial Enumeration / chronology Barcode Date last seen Price effective from Koha item type
        Indian Institute of Public Administration Indian Institute of Public Administration 2018-07-19 Volume no: 29, Issue no: 3 AR58610 2018-07-19 2018-07-19 Articles

Powered by Koha